00693nam a2200169 a 4500003000200000005001700002008004100019050003000060100002200090245013700112260009000249300004800339504004100387650002500428650003400453650003600487020250414154715.0090729s19uu xx 00 eng d aPHS SB 974.M67b.B66 2006 aBondoc, Nicolo Q. aComparative study on the effectiveness of the dumbcane and marigold plants as alternative mosquito larva killer /cNicolo Q. Bondoc. aLas Piñas City, Philippines :bSouthville International School and Colleges,c2006. a26 pages :bcolored illustrations ;c28 cm. aIncludes bibliographical references. aMosquitoesxControl. aLarvicidesxNatural products. aBiological pest control agents.